00772nam a2200253I 450000100060000000300080000600500170001400800390003103500330007003500200010303500170012303500200014004000270016004100080018708200180019510000430021324500940025625000130035026000550036330000270041850400200044565000230046570000300048835802BD-RjUL20211209052400.0140609r19671965ii b 000 0 eng a(BD-RjUL)35897aMITb10497118 a(OCoLC)00497110 aGLIS00497118 a(OCoLC)07459145 aDLCcWSUdBD-RjULbeng aeng a320bCAG 19671 aCarter, Gwendolen Margaretd1906-1991.10aGovernment and politics in the twentieth century /cGwendolen M. Carter and John H. Herz. aRev. ed. aNew Delhi :bWiley Eastern,cc1965 [reprint 1967]. aviii, 231 p. ;c22 cm. aIncludes index. 0aPolitical science.1 aHerz, John H.d1908-2005.